Capitals by third letter R - Statistics

General Stats
  • This quiz has been taken 83 times
    82 since last reset
  • The average score is 15 of 20
Answer Stats
Hint Answer % Correct
Berlin
93%
Paris
91%
South America Caracas
90%
Europe Bern
88%
North America Port au Prince
87%
Warsaw
87%
Oceania Port Moresby
85%
Port of Spain
84%
Tirana
81%
Paramaribo
79%
Port Vila
78%
Sarajevo
75%
Asia Jerusalem
73%
Port Louis
73%
Porto Novo
69%
Moroni
67%
Yaren
67%
Africa Harare
64%
Yerevan
64%
Tarawa
57%
No matching quizzes found
Score Distribution
Percent of People with Each Score
Percentile by Number Answered
Your Score History
You have not taken this quiz since the last reset